Bisay aru byakhya (Record no. 10445)

MARC details
000 -LEADER
fixed length control field 00518cam a2200205ua 4500
001 - CONTROL NUMBER
control field 11645
005 - DATE AND TIME OF LATEST TRANSACTION
control field 20260515114759.0
008 - FIXED-LENGTH DATA ELEMENTS--GENERAL INFORMATION
fixed length control field 191014n ii |||gr||||Z||||||asm
020 ## - INTERNATIONAL STANDARD BOOK NUMBER
International Standard Book Number 9789382056515
040 ## - CATALOGING SOURCE
Transcribing agency MAIN
041 ## - LANGUAGE CODE
Language code of text/sound track or separate title asm
082 ## - DEWEY DECIMAL CLASSIFICATION NUMBER
Classification number 891.4514
100 ## - MAIN ENTRY--PERSONAL NAME
Personal name Jayanta Kumar Bora,
Relator term Author.
245 ## - TITLE STATEMENT
Title Bisay aru byakhya
Statement of responsibility, etc. By Jayanta Kumar Bora
250 ## - EDITION STATEMENT
Edition statement 1st ed.
260 ## - PUBLICATION, DISTRIBUTION, ETC.
Place of publication, distribution, etc. Dibrugarh:
Name of publisher, distributor, etc. Banalata,
Date of publication, distribution, etc. 2017.
300 ## - PHYSICAL DESCRIPTION
Extent 333p.
653 ## - INDEX TERM--UNCONTROLLED
Uncontrolled term Critical analysis of Assamese literature
942 ## - ADDED ENTRY ELEMENTS (KOHA)
Koha item type Books
Holdings
Withdrawn status Lost status Damaged status Not for loan Home library Current library Shelving location Date acquired Total checkouts Full call number Barcode Date last seen Copy number Price effective from Koha item type
        Naharkatiya College Library Naharkatiya College Library General stacks 09/19/2020   891.4514BOR 26818 09/19/2020 1 09/19/2020 Books